[Event "Havana Provincial sf"]
[Site "Havana"]
[Date "1999.??.??"]
[Round "?"]
[White "Ibanez Milian, Dagoberto"]
[Black "Hernandez, Pedro"]
[Result "0-1"]
[WhiteElo "2235"]
[BlackElo "2169"]
[PlyCount "78"]
[EventDate "1999.??.??"]
[EventType "swiss"]
[EventRounds "9"]
[EventCountry "CUB"]
[SourceTitle "EXT 2001"]
[Source "ChessBase"]
[SourceDate "2000.11.22"]
[SourceVersion "1"]
[SourceVersionDate "2000.11.22"]
[SourceQuality "1"]

1. e4 c5 2. Nf3 e6 3. d4 cxd4 4. Nxd4 a6 5. Bd3 Qb6 6. Nb3 Qc7 7. 0-0 Nf6 8. Nc3 Be7 9. f4 d6 10. Be3 Nbd7 11. a4 b6 12. Kh1 Bb7 13. Re1 0-0 14. Bf2 Rfe8 15. Qe2 g6 16. Nd2 Bf8 17. Qf3 Bg7 18. h3 Rac8 19. Ra3 Nc5 20. Be3 Nfxe4 21. Ncxe4 f5 22. Bxc5 bxc5 23. c3 e5 24. fxe5 Rxe5 25. Qf1 fxe4 26. Bxa6 Rf8 27. Qb5 Bc6 28. Qc4+ Bd5 29. Qe2 Ba8 30. Nc4 Ref5 31. Ne3 Rf2 32. Qc4+ d5 33. Nxd5 Qg3 34. Ne3+ Kh8 35. Qxc5 Be5 36. Qxe5+ Qxe5 37. Ng4 Qg3 38. Nxf2 Rxf2 39. Rg1 e3 0-1

[Event "Havana-B"]
[Site "Havana"]
[Date "1992.??.??"]
[Round "?"]
[White "Hernandez, Pedro"]
[Black "Espinosa, Julio Manuel"]
[Result "0-1"]
[WhiteElo "2235"]
[BlackElo "2275"]
[PlyCount "47"]
[EventDate "1992.??.??"]
[EventType "tourn"]
[EventRounds "9"]
[EventCountry "CUB"]
[SourceTitle "EXT 1999"]
[Source "ChessBase"]
[SourceDate "1998.11.16"]
[SourceVersion "1"]
[SourceVersionDate "1998.11.16"]
[SourceQuality "1"]

1. Nf3 Nf6 2. g3 g6 3. b3 Bg7 4. Bb2 d6 5. d4 0-0 6. Bg2 Na6 7. 0-0 c5 8. c3 b6 9. Ne5 dxe5 10. Bxa8 e4 11. Re1 Nc7 12. Bc6 Qd6 13. d5 Nfxd5 14. Bxd5 Nxd5 15. Qc1 e3 16. f3 Be5 17. Kg2 Qe6 18. g4 Qf6 19. Rh1 Bxg4 20. h4 Nf4+ 21. Kf1 Nxe2 22. Qxe3 Bxf3 23. Nd2 Ng3+ 24. Kf2 0-1

[Event "Havana-B"]
[Site "Havana"]
[Date "1992.??.??"]
[Round "?"]
[White "Hernandez, Pedro"]
[Black "Pina, Ulises"]
[Result "0-1"]
[WhiteElo "2235"]
[BlackElo "2355"]
[PlyCount "86"]
[EventDate "1992.??.??"]
[EventType "tourn"]
[EventRounds "9"]
[EventCountry "CUB"]
[SourceTitle "EXT 2000"]
[Source "ChessBase"]
[SourceDate "1999.11.16"]
[SourceVersion "1"]
[SourceVersionDate "1999.11.16"]
[SourceQuality "1"]

1. Nf3 d5 2. d4 Nf6 3. c4 e6 4. Nc3 Nbd7 5. Bg5 Bb4 6. a3 Bxc3+ 7. bxc3 c5 8. cxd5 exd5 9. e3 Qa5 10. Bxf6 Nxf6 11. Nd2 0-0 12. Qc2 cxd4 13. Nb3 Qxc3+ 14. Qxc3 dxc3 15. Rc1 Bd7 16. Nc5 Rfc8 17. Nxd7 Nxd7 18. Bb5 Nb6 19. Ke2 Rc5 20. Bd3 Rac8 21. Rhd1 Ra5 22. Ra1 Nc4 23. Bf5 Rcc5 24. a4 Nb2 25. Rd4 g6 26. Bc2 b5 27. f4 Nxa4 28. h4 Ra6 29. g4 Rb6 30. h5 a6 31. Rad1 Nb2 32. Rxd5 Rxd5 33. Rxd5 gxh5 34. gxh5 a5 35. Rg5+ Kf8 36. Bxh7 a4 37. Rg8+ Ke7 38. Bg6 fxg6 39. h6 Rd6 40. h7 Rd2+ 41. Kf3 Rh2 42. h8Q Rxh8 43. Rxh8 c2 0-1

[Event "Havana-B"]
[Site "Havana"]
[Date "1992.??.??"]
[Round "?"]
[White "Li Torres, Manuel Eugenio"]
[Black "Hernandez, Pedro"]
[Result "1-0"]
[WhiteElo "2295"]
[BlackElo "2235"]
[PlyCount "81"]
[EventDate "1992.??.??"]
[EventType "tourn"]
[EventRounds "9"]
[EventCountry "CUB"]
[SourceTitle "EXT 1999"]
[Source "ChessBase"]
[SourceDate "1998.11.16"]
[SourceVersion "1"]
[SourceVersionDate "1998.11.16"]
[SourceQuality "1"]

1. d4 Nf6 2. c4 e6 3. Nf3 b6 4. a3 Bb7 5. Nc3 Be7 6. d5 0-0 7. g3 Re8 8. Bg2 Bf8 9. 0-0 e5 10. e4 d6 11. Ne1 Ba6 12. b3 Bc8 13. b4 h6 14. Nd3 a5 15. Bd2 Ba6 16. Nb2 Bb7 17. Be3 Nbd7 18. Nd3 Ba6 19. Qb3 Qe7 20. Rfe1 Ng4 21. Bd2 g6 22. h3 Ngf6 23. Nb5 Nb8 24. bxa5 bxa5 25. Bxa5 Rc8 26. Bc3 c6 27. dxc6 Nxc6 28. a4 Rab8 29. Bf1 Bb7 30. Bg2 Qe6 31. Rac1 Ba6 32. Bf1 Nd7 33. Qd1 Nc5 34. Nb4 Nxb4 35. Bxb4 h5 36. h4 Bb7 37. Bxc5 dxc5 38. Nc3 Bc6 39. Rb1 Rb4 40. a5 Rcb8 41. Rc1 1-0